MARC

LEADER 00000nam0a2200000 4500
001 96647
005 20231031110627.0
035 |a (RuTPU)RU\TPU\book\103480 
090 |a 96647 
100 |a 20060517d1982 m y0rusy50 ca 
101 0 |a rus 
102 |a RU 
105 |a a z 001zy 
200 1 |a Затвердевание стальных слитков  |f Е. М. Китаев 
210 |a Москва  |c Металлургия  |d 1982 
215 |a 168 с.  |c ил. 
320 |a Библиогр.: с. 163-167. 
610 1 |a стальное литье 
610 1 |a затвердевание 
610 1 |a стальные слитки 
610 1 |a кристаллизация 
675 |a 621.746.62  |v 3 
700 1 |a Китаев  |b Е. М.  |g Евгений Митрофанович 
801 1 |a RU  |b 63413507  |c 20060517  |g PSBO 
801 2 |a RU  |b 63413507  |c 20060731  |g PSBO 
942 |c BK